Welcome to the Holygrace Academy Library

Please use search bar below to get started

THE DALAI LAMA'S LITTLE BOOK OF WISDOM (Record no. 4794)

MARC details
000 -LEADER
fixed length control field 00332nam a22001337a 4500
020 ## - INTERNATIONAL STANDARD BOOK NUMBER
ISBN 978-81-7223-544-4
082 ## - DEWEY DECIMAL CLASSIFICATION NUMBER
Classification number 150
Item number LAM/D
100 ## - MAIN ENTRY--AUTHOR NAME
Personal name HIS HOLINESS THE DALAI LAMA
245 ## - TITLE STATEMENT
Title THE DALAI LAMA'S LITTLE BOOK OF WISDOM
260 ## - PUBLICATION, DISTRIBUTION, ETC. (IMPRINT)
Place of publication LONDON
Name of publisher ELEMENT
Year of publication 2002
300 ## - PHYSICAL DESCRIPTION
Number of Pages 400
650 ## - SUBJECT ADDED ENTRY--TOPICAL TERM
Topical Term SPIRITUAL
Geographic subdivision UNITED KINGDOM
942 ## - ADDED ENTRY ELEMENTS (KOHA)
Koha item type Books
Holdings
Withdrawn status Lost status Collection code Home library Current library Shelving location Date acquired Source of acquisition Cost, normal purchase price Full call number Accession Number Koha item type
    Non-fiction Main Library Main Library SHELF 15B-U,V,W SECTION NOVELS& FICTION 03/12/2013 purchase 299.00 150 LAM/D 00891 Books